000 00230nam a2200109 4500
082 _aILM
100 _aIlmi Kitab Khana
245 _aSolid Geometry
260 _aLahore:
_bIlmi Kitab Khana,
_c1966.
300 _a384p. ;
942 _cBK
999 _c9738
_d9738